Mega Campeones AAA - Estadísticas

Estadísticas generales
  • Esta prueba ha sido intentada 21 veces
    20 desde el último reinicio
  • La puntuación promedio es 6 de 11
Estadísticas de respuestas
Reina el Título Última Victoria Campeón % Correcto
1 2019 Kenny Omega
72%
4 2012 El Mesias
67%
1 2008 Cibernético
61%
2 2016 El Texano Jr.
61%
1 2018 Fénix
56%
2 2018 Jeff Jarrett
56%
3 2018 Rey Wagner
56%
1 2014 El Patrón Alberto
50%
1 2010 Electroshock
39%
1 2017 Johnny Mundo
39%
1 2010 El Zorro
33%
No se encontraron pruebas coincidentes
Distribución de puntuación
Porcentaje de gente con cada puntuación
Porcentaje por número respondido
Historial de tus puntuaciones
No has intentado esta prueba desde el último reinicio